Central Library OPAC University of Rajshahi

Proceedings of the International Symposium on Frontiers in Science, on the occasion of the 65th birthday of professor Hans Frauenfelder, Urbana, IL, 1987 / (Record no. 8362)

MARC details
000 -LEADER
fixed length control field 01353nam a2200349 a 4500
001 - CONTROL NUMBER
control field 8362
003 - CONTROL NUMBER IDENTIFIER
rucl marc code BD-RjUL
005 - DATE AND TIME OF LATEST TRANSACTION
control field 20211208234556.0
008 - FIXED-LENGTH DATA ELEMENTS--GENERAL INFORMATION
fixed length control field 140118s1988 nyua b 110 0 eng
020 ## - INTERNATIONAL STANDARD BOOK NUMBER
International Standard Book Number 0883183803
035 ## - SYSTEM CONTROL NUMBER
System control number (BD-RjUL)8407
040 ## - CATALOGING SOURCE
Original cataloging agency DLC
Transcribing agency DLC
Modifying agency BD-RjUL
Language of cataloging eng
041 ## - LANGUAGE CODE
Language code of text/sound track or separate title eng
082 00 - DEWEY DECIMAL CLASSIFICATION NUMBER
Classification number 530
Edition number 20
Author mark and year PRO 1988.
111 2# - MAIN ENTRY--MEETING NAME
Meeting name or jurisdiction name as entry element International Symposium on Frontiers in Science
Date of meeting (1987 :
Location of meeting Urbana, Ill.)
9 (RLIN) 26052
245 00 - TITLE STATEMENT
Title Proceedings of the International Symposium on Frontiers in Science, on the occasion of the 65th birthday of professor Hans Frauenfelder, Urbana, IL, 1987 /
Statement of responsibility, etc. editors, Shirley S. Chan, Peter G. Debrunner.
260 ## - PUBLICATION, DISTRIBUTION, ETC. (IMPRINT)
Place of publication, distribution, etc. New York :
Name of publisher, distributor, etc. American Institute of Physics,
Date of publication, distribution, etc. 1988.
300 ## - PHYSICAL DESCRIPTION
Pagination 336 p. :
Illustrations ill. ;
Size 25 cm.
500 ## - GENERAL NOTE
General note Held May 1-3, 1987, University of Illinois, Urbana.
504 ## - BIBLIOGRAPHY, ETC. NOTE
Bibliography, etc Includes bibliographical references.
600 10 - SUBJECT ADDED ENTRY--PERSONAL NAME
Personal name Frauenfelder, Hans,
Dates associated with a name 1922-
650 #0 - SUBJECT ADDED ENTRY--TOPICAL TERM
Topical term or geographic name as entry element Physics
General subdivision Congresses.
9 (RLIN) 26043
Topical term or geographic name as entry element Chemistry, Physical and theoretical
General subdivision Congresses.
9 (RLIN) 26044
Topical term or geographic name as entry element Science
General subdivision Congresses.
9 (RLIN) 26045
700 1# - ADDED ENTRY--PERSONAL NAME
Personal name Chan, Shirley S.
Personal name Debrunner, P.,
Dates associated with a name 1931-
Personal name Frauenfelder, Hans,
Dates associated with a name 1922-
942 ## - ADDED ENTRY ELEMENTS (KOHA)
Source of classification or shelving scheme Dewey Decimal Classification
Koha item type Books
Holdings
Lost status Source of classification or shelving scheme Damaged status Not for loan Collection code Permanent Location Current Location Shelving location Date acquired Source of acquisition Total Checkouts Full call number Date last seen Copy number Koha item type
  Dewey Decimal Classification   Not For Loan Non-fiction Central Library, University of Rajshahi Central Library, University of Rajshahi   09/07/1995 Prof. M. A. Rashid, D. U.   530 PRO 1988. 18/01/2014 C-1 Books
  Dewey Decimal Classification     Non-fiction Central Library, University of Rajshahi Central Library, University of Rajshahi   09/07/1995     530 PRO 1988. 07/09/2016 C-2 Books